| 000 | 02091nam0a22003731 4500 | ||
|---|---|---|---|
| 001 | rc\1137450 | ||
| 005 | 20250622193652.0 | ||
| 035 | _a(NLR Aleph) 006384198 | ||
| 090 |
_a5102315 _c5102315 |
||
| 100 | _a20041129d1980 |||y0rusy50 ca | ||
| 101 | 0 | _arus | |
| 102 | _aRU | ||
| 105 | _aa ||||||||| | ||
| 200 | 1 |
_aКрасота человеческая _eПовесть и рассказы _fПетро Василевский _g[Худож. Л.И. Зеневич] |
|
| 210 |
_aМинск _cМастац. лiт. _d1980 |
||
| 215 |
_a205 с. _cил. _d20 |
||
| 300 | _aВ вып. дан. авт.: Петр Савельевич Василевский | ||
| 327 | 0 | _aСодерж.: Преодоление пути: Повесть; Рассказы: Красота человеческая; Отец, нож и новый велосипед; Наваждение; Зеркало пана Кудрицкого; Зависть; Под соснами; Снегопад, снегопад; Девушка под ливнем; Южный вечер, и др. | |
| 464 | 0 |
_12001#$aПреодоление пути _tПреодоление пути |
|
| 464 | 0 |
_12001#$aКрасота человеческая _tКрасота человеческая |
|
| 464 | 0 |
_12001#$aОтец, нож и новый велосипед _tОтец, нож и новый велосипед |
|
| 464 | 0 |
_12001#$aНаваждение _tНаваждение |
|
| 464 | 0 |
_12001#$aЗеркало пана Кудрицкого _tЗеркало пана Кудрицкого |
|
| 464 | 0 |
_12001#$aЗависть _tЗависть |
|
| 464 | 0 |
_12001#$aПод соснами _tПод соснами |
|
| 464 | 0 |
_12001#$aСнегопад, снегопад _tСнегопад, снегопад |
|
| 464 | 0 |
_12001#$aДевушка под ливнем _tДевушка под ливнем |
|
| 464 | 0 |
_12001#$aЮжный вечер _tЮжный вечер |
|
| 700 | 1 |
_aВасилевский _bП. _gПетро |
|
| 801 | 0 |
_aRU _bNLR _gpsbo |
|
| 801 | 1 |
_aRU _bELAR _2rusmarc |
|
| 852 |
_aNLR _j80-3/4894 |
||
| 942 | _cBOOK | ||
| 980 | _aNB | ||